Pro Architect. (Record no. 3538)

MARC details
000 -LEADER
fixed length control field 00630nac a22002171u 4500
003 - CONTROL NUMBER IDENTIFIER
control field EG-ScBUE
005 - DATE AND TIME OF LATEST TRANSACTION
control field 20221030105158.0
008 - FIXED-LENGTH DATA ELEMENTS--GENERAL INFORMATION
fixed length control field 221030s2004 ko a f 000 0 eng d
020 ## - INTERNATIONAL STANDARD BOOK NUMBER
International Standard Book Number 8957700722
020 ## - INTERNATIONAL STANDARD BOOK NUMBER
International Standard Book Number 895770017X
040 ## - CATALOGING SOURCE
Original cataloging agency EG-ScBUE
Language of cataloging eng
Description conventions rda
Transcribing agency EG-ScBUE
Modifying agency EG-ScBUE
082 04 - DEWEY DECIMAL CLASSIFICATION NUMBER
Classification number 720.5
Edition number 22
Item number PRO
245 00 - TITLE STATEMENT
Title Pro Architect.
Number of part/section of a work 36,
Name of part/section of a work Hascher Jehle Architektur.
246 30 - VARYING FORM OF TITLE
Title proper/short title Hascher Jehle Architektur
264 #1 - PUBLICATION, DISTRIBUTION, ETC. (IMPRINT)
Place of publication, distribution, etc Seoul, South Korea :
Name of publisher, distributor, etc Archiworld,
Date of publication, distribution, etc 2004.
300 ## - PHYSICAL DESCRIPTION
Extent 222 pages :
Other physical details color illustrations ;
Dimensions 30 cm
650 #7 - SUBJECT ADDED ENTRY--TOPICAL TERM
Topical term or geographic name as entry element Architecture.
Source of heading or term BUEsh
653 ## - INDEX TERM--UNCONTROLLED
Resource For college Engineering, Architecture
655 ## - INDEX TERM--GENRE/FORM
Form subdivision Reading book
942 ## - ADDED ENTRY ELEMENTS (KOHA)
Koha item type Book - Borrowing
Source of classification or shelving scheme Dewey Decimal Classification
Holdings
Withdrawn status Lost status Source of classification or shelving scheme Damaged status Not for loan Home library Current library Shelving location Date acquired Source of acquisition Total Checkouts Total Renewals Full call number Barcode Date last seen Date checked out Koha item type
    Dewey Decimal Classification     Central Library Central Library Second Floor 26/04/2007 Purchase 1 7 720.5 PRO 000030487 15/07/2025 28/03/2013 Book - Borrowing